| 000 | 00717nam a2200217 a 4500 | ||
|---|---|---|---|
| 001 | BRCA_552 | ||
| 005 | 20190320203047.0 | ||
| 008 | 980326s1996 sp-#---##b---#000-0#spa-# | ||
| 020 | _a8400075773 | ||
| 040 |
_aDLC _cDLC _dDLC |
||
| 050 | 4 |
_aNK3062 _b.C78 1996 |
|
| 100 | 1 |
_aCruz Yábar, María Teresa _91906 |
|
| 245 | 1 | 0 |
_aLa tapicería en Madrid _b1570-1640 _cMaría Teresa Cruz Yábar ; [prólogo Juan José Junquera y Mato]. |
| 260 |
_aMadrid _bInstituto de Estudios Madrileños _c1996 |
||
| 300 |
_a469 p. _c24 cm. |
||
| 504 | _aBibliografía: p. [467]-469 | ||
| 650 | 1 | 4 |
_aTapices _xRenacimiento _zMadrid (España) _91907 |
| 650 | 1 | 4 |
_aTapicería barroca _zEspaña _91908 |
| 650 | 1 | 4 |
_aTapices _91909 |
| 942 |
_2lcc _cB |
||
| 999 |
_c483 _d483 |
||